[Event "World Chess Olympiad 2018"]
[Site "Batumi"]
[Date "2018.09.24"]
[Round "1"]
[Board "4"]
[WhiteFideId "5702640"]
[White "Fong Yit San"]
[BlackFideId "13500465"]
[Black "Fedorov Alexei"]
[Result "1/2-1/2"]
[LiveChessVersion "1.4.8"]
[BlackElo "2568"]
[WhiteElo "2108"]

1. e4 {[%clk 1:30:50]} c5 {[%clk 1:30:55]} 2. Nf3 {[%clk 1:30:51]} Nc6
{[%clk 1:31:10]} 3. d4 {[%clk 1:30:30]} cxd4 {[%clk 1:31:32]} 4. Nxd4
{[%clk 1:30:54]} Qb6 {[%clk 1:31:50]} 5. Nb3 {[%clk 1:31:12]} Nf6
{[%clk 1:32:12]} 6. Nc3 {[%clk 1:31:30]} e6 {[%clk 1:32:35]} 7. Qe2
{[%clk 1:29:14]} Bb4 {[%clk 1:31:35]} 8. Bd2 {[%clk 1:28:34]} O-O
{[%clk 1:31:51]} 9. a3 {[%clk 1:24:01]} Be7 {[%clk 1:31:40]} 10. g4
{[%clk 1:12:37]} d5 {[%clk 1:25:25]} 11. g5 {[%clk 1:00:09]} Nxe4
{[%clk 1:25:35]} 12. Nxe4 {[%clk 1:00:32]} dxe4 {[%clk 1:26:02]} 13. Qxe4
{[%clk 0:52:38]} e5 {[%clk 1:22:11]} 14. Be3 {[%clk 0:40:54]} Qc7
{[%clk 1:19:39]} 15. Bd3 {[%clk 0:37:29]} g6 {[%clk 1:19:45]} 16. Qf3
{[%clk 0:36:43]} Be6 {[%clk 1:10:32]} 17. Nd2 {[%clk 0:25:32]} Qa5
{[%clk 1:00:28]} 18. c3 {[%clk 0:24:12]} e4 {[%clk 0:54:28]} 19. Bxe4
{[%clk 0:21:39]} Bxg5 {[%clk 0:53:41]} 20. Bxg5 {[%clk 0:17:23]} Qxg5
{[%clk 0:53:59]} 21. h4 {[%clk 0:15:38]} Qb5 {[%clk 0:41:08]} 22. O-O-O
{[%clk 0:13:15]} Rac8 {[%clk 0:35:08]} 23. h5 {[%clk 0:08:26]} Nd4
{[%clk 0:32:20]} 24. Qd3 {[%clk 0:03:52]} Qxd3 {[%clk 0:22:01]} 25. Bxd3
{[%clk 0:04:20]} Rfd8 {[%clk 0:19:12]} 26. hxg6 {[%clk 0:04:09]} fxg6
{[%clk 0:19:25]} 27. Kb1 {[%clk 0:02:35]} Nb3 {[%clk 0:17:26]} 28. Ne4
{[%clk 0:01:16]} Kg7 {[%clk 0:16:39]} 29. Bc2 {[%clk 0:01:31]} Rxd1+
{[%clk 0:11:40]} 30. Rxd1 {[%clk 0:01:57]} Nc5 {[%clk 0:11:37]} 31. Ng5
{[%clk 0:01:42]} Bg4 {[%clk 0:06:37]} 32. f3 {[%clk 0:01:30]} Bh5
{[%clk 0:04:28]} 33. Rd5 {[%clk 0:01:24]} b6 {[%clk 0:04:27]} 34. b4
{[%clk 0:01:20]} h6 {[%clk 0:04:41]} 35. bxc5 {[%clk 0:01:31]} hxg5
{[%clk 0:05:07]} 36. cxb6 {[%clk 0:00:43]} axb6 {[%clk 0:05:28]} 37. Kb2
{[%clk 0:00:53]} Bxf3 {[%clk 0:04:29]} 38. Rxg5 {[%clk 0:01:17]} Rc6
{[%clk 0:04:40]} 39. a4 {[%clk 0:01:17]} Kh6 {[%clk 0:04:02]} 40. Rxg6+
{[%clk 0:30:43]} Rxg6 {[%clk 0:34:25]} 41. Bxg6 {[%clk 0:31:09]} Kxg6
{[%clk 0:34:52]} 42. Kb3 {[%clk 0:31:20]} Kf6 {[%clk 0:33:29]} 43. Kb4
{[%clk 0:31:41]} Bc6 {[%clk 0:33:55]} 44. a5 {[%clk 0:32:00]} bxa5+
{[%clk 0:34:23]} 45. Kxa5 {[%clk 0:32:25]} 1/2-1/2

[Event "World Chess Olympiad 2018"]
[Site "Batumi"]
[Date "2018.09.24"]
[Round "1"]
[Board "1"]
[WhiteFideId "9300465"]
[White "AlHuwar Jasem"]
[BlackFideId "14507927"]
[Black "Bosiocic Marin"]
[Result "0-1"]
[LiveChessVersion "1.4.8"]
[BlackElo "2600"]
[WhiteElo "2245"]

1. Nf3 {[%clk 1:28:55]} d5 {[%clk 1:30:13]} 2. g3 {[%clk 1:29:05]} Bg4
{[%clk 1:30:36]} 3. Bg2 {[%clk 1:29:30]} c6 {[%clk 1:30:59]} 4. h3
{[%clk 1:29:50]} Bh5 {[%clk 1:31:23]} 5. c4 {[%clk 1:29:45]} e6 {[%clk 1:31:43]}
6. O-O {[%clk 1:30:02]} Nf6 {[%clk 1:32:07]} 7. d3 {[%clk 1:30:23]} Be7
{[%clk 1:32:29]} 8. Nc3 {[%clk 1:30:17]} O-O {[%clk 1:29:56]} 9. g4
{[%clk 1:23:27]} Bg6 {[%clk 1:29:54]} 10. Ne5 {[%clk 1:23:50]} d4
{[%clk 1:26:07]} 11. Nb1 {[%clk 1:18:26]} Nfd7 {[%clk 1:25:19]} 12. Nxg6
{[%clk 1:13:54]} hxg6 {[%clk 1:25:44]} 13. Nd2 {[%clk 1:13:22]} e5
{[%clk 1:20:46]} 14. Nf3 {[%clk 1:08:02]} Na6 {[%clk 1:18:56]} 15. e3
{[%clk 1:06:43]} dxe3 {[%clk 1:16:59]} 16. Bxe3 {[%clk 1:03:13]} Nc7
{[%clk 1:14:38]} 17. Qb3 {[%clk 0:59:55]} Qb8 {[%clk 1:11:56]} 18. d4
{[%clk 0:55:00]} exd4 {[%clk 1:04:15]} 19. Nxd4 {[%clk 0:52:05]} Nc5
{[%clk 1:04:22]} 20. Qc2 {[%clk 0:52:13]} N7e6 {[%clk 1:04:05]} 21. Rfe1
{[%clk 0:44:26]} Bf6 {[%clk 1:02:13]} 22. Nxe6 {[%clk 0:43:11]} Nxe6
{[%clk 1:02:33]} 23. Rad1 {[%clk 0:43:26]} Qc7 {[%clk 1:01:13]} 24. c5
{[%clk 0:38:32]} Rad8 {[%clk 0:58:38]} 25. b4 {[%clk 0:37:14]} Bd4
{[%clk 0:51:14]} 26. Bxd4 {[%clk 0:20:42]} Nxd4 {[%clk 0:51:34]} 27. Qc4
{[%clk 0:21:00]} Ne6 {[%clk 0:51:36]} 28. a4 {[%clk 0:20:41]} a5 {[%clk 0:47:49]}
29. b5 {[%clk 0:13:14]} cxb5 {[%clk 0:47:53]} 30. Qxb5 {[%clk 0:13:21]} Nxc5
{[%clk 0:47:42]} 31. Rd5 {[%clk 0:13:02]} b6 {[%clk 0:44:25]} 32. Rb1
{[%clk 0:12:25]} Rxd5 {[%clk 0:41:20]} 33. Bxd5 {[%clk 0:12:49]} Rb8
{[%clk 0:41:34]} 34. Re1 {[%clk 0:10:37]} Kf8 {[%clk 0:40:40]} 35. Re3
{[%clk 0:08:02]} Qd7 {[%clk 0:38:49]} 36. Bc6 {[%clk 0:08:26]} Qd1+
{[%clk 0:37:47]} 37. Kg2 {[%clk 0:08:48]} Ne6 {[%clk 0:35:39]} 38. Qe5
{[%clk 0:09:00]} Rd8 {[%clk 0:35:49]} 39. Rf3 {[%clk 0:01:37]} Qd6
{[%clk 0:34:12]} 40. Qxd6+ {[%clk 0:31:16]} Rxd6 {[%clk 1:04:37]} 41. Bb5
{[%clk 0:26:28]} Nd4 {[%clk 1:04:44]} 42. Rc3 {[%clk 0:26:51]} Nxb5
{[%clk 1:04:25]} 43. axb5 {[%clk 0:27:13]} Rd5 {[%clk 1:04:38]} 44. Rc8+
{[%clk 0:25:32]} Ke7 {[%clk 1:05:04]} 45. Rc7+ {[%clk 0:25:56]} Ke8
{[%clk 1:05:17]} 46. Kf3 {[%clk 0:21:57]} Rxb5 {[%clk 1:04:56]} 47. Ra7
{[%clk 0:22:23]} g5 {[%clk 1:04:21]} 48. Ke4 {[%clk 0:22:41]} g6 {[%clk 1:04:40]}
49. Kd4 {[%clk 0:22:53]} Kf8 {[%clk 1:05:00]} 50. Kc4 {[%clk 0:22:33]} Rb2
{[%clk 1:05:10]} 51. Ra8+ {[%clk 0:21:46]} Kg7 {[%clk 1:05:36]} 52. Ra6
{[%clk 0:22:00]} Rxf2 {[%clk 1:05:01]} 53. Rxb6 {[%clk 0:22:22]} Rf3
{[%clk 1:05:25]} 54. Ra6 {[%clk 0:22:22]} Rxh3 {[%clk 1:05:39]} 55. Rxa5
{[%clk 0:22:24]} Rg3 {[%clk 1:06:03]} 0-1

[Event "World Chess Olympiad 2018"]
[Site "Batumi"]
[Date "2018.09.24"]
[Round "1"]
[Board "2"]
[WhiteFideId "14502569"]
[White "Stevic Hrvoje"]
[BlackFideId "9301143"]
[Black "Sultan Ibrahim"]
[Result "1-0"]
[LiveChessVersion "1.4.8"]
[BlackElo "2112"]
[WhiteElo "2579"]

1. e4 {[%clk 1:30:59]} e6 {[%clk 1:27:22]} 2. d4 {[%clk 1:31:25]} d5
{[%clk 1:27:48]} 3. Nd2 {[%clk 1:31:49]} c5 {[%clk 1:28:14]} 4. Ngf3
{[%clk 1:31:42]} cxd4 {[%clk 1:28:17]} 5. Nxd4 {[%clk 1:32:02]} Nc6
{[%clk 1:28:43]} 6. Bb5 {[%clk 1:32:20]} Bd7 {[%clk 1:29:08]} 7. Nxc6
{[%clk 1:32:34]} bxc6 {[%clk 1:29:34]} 8. Bd3 {[%clk 1:32:57]} Bd6
{[%clk 1:09:36]} 9. Qe2 {[%clk 1:32:44]} Ne7 {[%clk 1:09:54]} 10. Nf3
{[%clk 1:32:58]} Ng6 {[%clk 1:03:25]} 11. e5 {[%clk 1:32:21]} Bc7
{[%clk 1:03:41]} 12. O-O {[%clk 1:31:54]} O-O {[%clk 0:57:34]} 13. Ng5
{[%clk 1:12:30]} Qe8 {[%clk 0:53:52]} 14. f4 {[%clk 1:09:50]} f5 {[%clk 0:46:23]}
15. c4 {[%clk 0:59:04]} h6 {[%clk 0:38:16]} 16. Nf3 {[%clk 0:59:19]} Bb6+
{[%clk 0:37:18]} 17. Kh1 {[%clk 0:59:44]} Qe7 {[%clk 0:29:12]} 18. Bd2
{[%clk 0:42:05]} Bc5 {[%clk 0:19:56]} 19. cxd5 {[%clk 0:39:31]} cxd5
{[%clk 0:19:47]} 20. Rac1 {[%clk 0:39:40]} Rab8 {[%clk 0:16:28]} 21. Rc2
{[%clk 0:39:32]} Bb6 {[%clk 0:13:33]} 22. Ba6 {[%clk 0:37:30]} Bc8
{[%clk 0:06:51]} 23. a4 {[%clk 0:32:25]} Bxa6 {[%clk 0:03:49]} 24. Qxa6
{[%clk 0:32:53]} Nh4 {[%clk 0:03:41]} 25. Nxh4 {[%clk 0:30:52]} Qxh4
{[%clk 0:04:06]} 26. a5 {[%clk 0:31:20]} Bd4 {[%clk 0:03:41]} 27. Qxe6+
{[%clk 0:31:31]} Kh8 {[%clk 0:03:26]} 28. b4 {[%clk 0:25:29]} Rbd8
{[%clk 0:03:11]} 29. Rc7 {[%clk 0:24:58]} Qg4 {[%clk 0:02:25]} 30. Qa6
{[%clk 0:23:37]} Qh5 {[%clk 0:01:45]} 31. Qd3 {[%clk 0:23:39]} Rc8
{[%clk 0:00:42]} 32. Rxc8 {[%clk 0:23:40]} Rxc8 {[%clk 0:01:06]} 33. Qxd4
{[%clk 0:24:06]} Rc2 {[%clk 0:01:09]} 34. Re1 {[%clk 0:23:39]} 1-0

[Event "World Chess Olympiad 2018"]
[Site "Batumi"]
[Date "2018.09.24"]
[Round "1"]
[Board "3"]
[WhiteFideId "9308733"]
[White "Al Hosani Omran"]
[BlackFideId "14506688"]
[Black "Brkic Ante"]
[Result "0-1"]
[LiveChessVersion "1.4.8"]
[BlackElo "2565"]
[WhiteElo "2115"]

1. Nf3 {[%clk 1:27:53]} d5 {[%clk 1:30:45]} 2. c4 {[%clk 1:28:06]} d4
{[%clk 1:30:50]} 3. g3 {[%clk 1:28:14]} Nc6 {[%clk 1:30:31]} 4. Bg2
{[%clk 1:28:37]} e5 {[%clk 1:30:48]} 5. d3 {[%clk 1:29:01]} Bb4+ {[%clk 1:31:02]}
6. Nbd2 {[%clk 1:28:46]} a5 {[%clk 1:30:53]} 7. O-O {[%clk 1:29:00]} Nf6
{[%clk 1:31:18]} 8. Qa4 {[%clk 1:18:11]} Bd7 {[%clk 1:23:58]} 9. a3
{[%clk 1:15:29]} Bc5 {[%clk 1:04:41]} 10. Qc2 {[%clk 1:11:41]} h6
{[%clk 0:59:06]} 11. Nb3 {[%clk 0:40:52]} Be7 {[%clk 0:58:01]} 12. Bd2
{[%clk 0:40:52]} O-O {[%clk 0:57:13]} 13. Rad1 {[%clk 0:29:43]} a4
{[%clk 0:49:04]} 14. Nc1 {[%clk 0:30:03]} Bc5 {[%clk 0:49:18]} 15. e3
{[%clk 0:29:09]} Bg4 {[%clk 0:40:55]} 16. h3 {[%clk 0:25:46]} Bxf3
{[%clk 0:40:19]} 17. Bxf3 {[%clk 0:25:56]} dxe3 {[%clk 0:40:30]} 18. Bxe3
{[%clk 0:25:49]} Bxe3 {[%clk 0:38:47]} 19. fxe3 {[%clk 0:26:12]} e4
{[%clk 0:39:14]} 20. dxe4 {[%clk 0:23:06]} Qe7 {[%clk 0:39:35]} 21. Ne2
{[%clk 0:23:04]} Ne5 {[%clk 0:37:25]} 22. Bg2 {[%clk 0:22:59]} Nfd7
{[%clk 0:31:15]} 23. Nd4 {[%clk 0:18:51]} g6 {[%clk 0:31:43]} 24. Qe2
{[%clk 0:15:32]} Nb6 {[%clk 0:27:42]} 25. Rc1 {[%clk 0:13:56]} Ra5
{[%clk 0:27:14]} 26. Rc3 {[%clk 0:12:12]} Nbd7 {[%clk 0:22:45]} 27. Qf2
{[%clk 0:06:39]} Ra6 {[%clk 0:22:21]} 28. g4 {[%clk 0:05:55]} Nc5
{[%clk 0:20:44]} 29. Qg3 {[%clk 0:06:16]} Rb6 {[%clk 0:19:03]} 30. h4
{[%clk 0:05:30]} Rxb2 {[%clk 0:19:07]} 31. Nf5 {[%clk 0:05:25]} Qe6
{[%clk 0:03:59]} 32. Nxh6+ {[%clk 0:05:49]} Kh7 {[%clk 0:04:27]} 33. g5
{[%clk 0:05:23]} Rd8 {[%clk 0:04:56]} 34. Rf6 {[%clk 0:03:20]} Qe7
{[%clk 0:04:56]} 35. Rf2 {[%clk 0:01:14]} Rd1+ {[%clk 0:03:44]} 36. Kh2
{[%clk 0:01:28]} Rdd2 {[%clk 0:01:41]} 37. Rxd2 {[%clk 0:01:30]} Rxd2
{[%clk 0:02:09]} 38. Qh3 {[%clk 0:01:59]} Qd6 {[%clk 0:01:21]} 39. h5
{[%clk 0:00:34]} Nf3+ {[%clk 0:00:45]} 40. Kh1 {[%clk 0:30:58]} Rd1+
{[%clk 0:30:43]} 0-1

[Event "World Chess Olympiad 2018"]
[Site "Batumi"]
[Date "2018.09.24"]
[Round "1"]
[Board "4"]
[WhiteFideId "14509792"]
[White "Martinovic Sasa"]
[BlackFideId "9312331"]
[Black "Ammar Sedrani"]
[Result "1-0"]
[LiveChessVersion "1.4.8"]
[BlackElo "2099"]
[WhiteElo "2567"]

1. d4 {[%clk 1:30:58]} d5 {[%clk 1:27:55]} 2. c4 {[%clk 1:31:24]} e6
{[%clk 1:27:54]} 3. Nf3 {[%clk 1:31:49]} c6 {[%clk 1:26:55]} 4. e3
{[%clk 1:32:16]} Bd6 {[%clk 1:27:11]} 5. Bd3 {[%clk 1:32:06]} f5 {[%clk 1:27:05]}
6. O-O {[%clk 1:32:27]} Qf6 {[%clk 1:25:54]} 7. b3 {[%clk 1:32:07]} Nh6
{[%clk 1:25:27]} 8. Ba3 {[%clk 1:31:38]} Bxa3 {[%clk 1:24:13]} 9. Nxa3
{[%clk 1:32:04]} Nd7 {[%clk 1:24:02]} 10. b4 {[%clk 1:27:23]} a6 {[%clk 1:15:55]}
11. Nc2 {[%clk 1:26:21]} Nf7 {[%clk 1:12:48]} 12. a4 {[%clk 1:24:04]} O-O
{[%clk 1:09:47]} 13. b5 {[%clk 1:20:28]} Nd6 {[%clk 1:06:40]} 14. c5
{[%clk 1:11:01]} Ne4 {[%clk 1:05:53]} 15. bxc6 {[%clk 1:04:22]} bxc6
{[%clk 1:05:14]} 16. Nb4 {[%clk 1:03:12]} Bb7 {[%clk 1:03:41]} 17. a5
{[%clk 1:02:25]} Qd8 {[%clk 0:50:25]} 18. Qe2 {[%clk 0:54:57]} Qc8
{[%clk 0:45:33]} 19. Ra3 {[%clk 0:52:12]} Re8 {[%clk 0:43:00]} 20. Rb1
{[%clk 0:49:24]} e5 {[%clk 0:41:52]} 21. Qb2 {[%clk 0:40:33]} Ra7
{[%clk 0:41:39]} 22. Nxe5 {[%clk 0:35:54]} Nxe5 {[%clk 0:37:42]} 23. dxe5
{[%clk 0:36:21]} Qe6 {[%clk 0:21:47]} 24. f4 {[%clk 0:35:43]} Qe7
{[%clk 0:20:53]} 25. Qd4 {[%clk 0:28:43]} Qxc5 {[%clk 0:19:08]} 26. Qxc5
{[%clk 0:26:53]} Nxc5 {[%clk 0:19:35]} 27. Bxf5 {[%clk 0:27:05]} g6
{[%clk 0:19:33]} 28. Rc1 {[%clk 0:24:47]} Ne6 {[%clk 0:17:29]} 29. Bxe6+
{[%clk 0:24:29]} Rxe6 {[%clk 0:17:58]} 30. Rac3 {[%clk 0:23:55]} Kf7
{[%clk 0:16:29]} 31. Kf2 {[%clk 0:23:41]} Ke7 {[%clk 0:16:00]} 32. Nxc6+
{[%clk 0:23:23]} Bxc6 {[%clk 0:16:20]} 33. Rxc6 {[%clk 0:23:49]} Rxc6
{[%clk 0:16:40]} 34. Rxc6 {[%clk 0:24:16]} 1-0

[Event "World Chess Olympiad 2018"]
[Site "Batumi"]
[Date "2018.09.24"]
[Round "1"]
[Board "1"]
[WhiteFideId "3804623"]
[White "Vera Siguenas Deivy"]
[BlackFideId "7400179"]
[Black "Elliott Warren"]
[Result "1-0"]
[LiveChessVersion "1.4.8"]
[BlackElo "2206"]
[WhiteElo "2494"]

1. e4 {[%clk 1:30:57]} c5 {[%clk 1:30:47]} 2. Nf3 {[%clk 1:31:17]} Nc6
{[%clk 1:30:51]} 3. d4 {[%clk 1:31:43]} cxd4 {[%clk 1:31:16]} 4. Nxd4
{[%clk 1:32:08]} Nf6 {[%clk 1:31:24]} 5. Nc3 {[%clk 1:32:34]} e5 {[%clk 1:31:41]}
6. Ndb5 {[%clk 1:32:59]} d6 {[%clk 1:31:55]} 7. Bg5 {[%clk 1:33:13]} a6
{[%clk 1:32:12]} 8. Na3 {[%clk 1:33:39]} b5 {[%clk 1:32:35]} 9. Nd5
{[%clk 1:34:05]} Be7 {[%clk 1:32:34]} 10. Bxf6 {[%clk 1:34:30]} Bxf6
{[%clk 1:33:00]} 11. c3 {[%clk 1:34:56]} Bg5 {[%clk 1:32:54]} 12. Nc2
{[%clk 1:34:59]} Rb8 {[%clk 1:32:20]} 13. a4 {[%clk 1:35:05]} bxa4
{[%clk 1:31:45]} 14. Ncb4 {[%clk 1:35:29]} Nxb4 {[%clk 1:31:03]} 15. cxb4
{[%clk 1:35:43]} Bd7 {[%clk 1:25:12]} 16. Bxa6 {[%clk 1:35:56]} O-O
{[%clk 1:11:14]} 17. O-O {[%clk 1:36:11]} g6 {[%clk 1:00:17]} 18. Rxa4
{[%clk 1:31:55]} Bxa4 {[%clk 0:56:53]} 19. Qxa4 {[%clk 1:32:18]} f5
{[%clk 0:55:03]} 20. b5 {[%clk 1:31:09]} Kh8 {[%clk 0:40:33]} 21. Qc4
{[%clk 1:00:20]} fxe4 {[%clk 0:30:27]} 22. Qxe4 {[%clk 1:00:45]} Qd7
{[%clk 0:29:03]} 23. g3 {[%clk 0:47:10]} Bd8 {[%clk 0:14:51]} 24. Kg2
{[%clk 0:43:14]} Bb6 {[%clk 0:09:26]} 25. f3 {[%clk 0:38:00]} Bd4
{[%clk 0:08:57]} 26. Rc1 {[%clk 0:38:15]} Rxb5 {[%clk 0:08:00]} 27. Bxb5
{[%clk 0:38:39]} Qxb5 {[%clk 0:08:25]} 28. b4 {[%clk 0:36:51]} Qa4
{[%clk 0:02:36]} 29. Kh3 {[%clk 0:17:20]} Qa2 {[%clk 0:01:24]} 30. Rc2
{[%clk 0:15:06]} Qb1 {[%clk 0:00:56]} 31. Rc7 {[%clk 0:13:37]} Qf1+
{[%clk 0:00:46]} 32. Kg4 {[%clk 0:13:32]} Rf5 {[%clk 0:00:41]} 33. Nf6
{[%clk 0:13:00]} h5+ {[%clk 0:00:34]} 34. Nxh5 {[%clk 0:12:39]} Qa6
{[%clk 0:00:34]} 35. b5 {[%clk 0:08:27]} Qa2 {[%clk 0:00:59]} 36. Qb7
{[%clk 0:04:29]} Rf7 {[%clk 0:00:31]} 37. Rxf7 {[%clk 0:02:56]} Qe6+
{[%clk 0:00:31]} 38. Kg5 {[%clk 0:02:47]} Be3+ {[%clk 0:00:39]} 39. f4
{[%clk 0:03:07]} 1-0

[Event "World Chess Olympiad 2018"]
[Site "Batumi"]
[Date "2018.09.24"]
[Round "1"]
[Board "2"]
[WhiteFideId "7400330"]
[White "Lorne Ras Malaku"]
[BlackFideId "3802272"]
[Black "Cori Jorge"]
[Result "0-1"]
[LiveChessVersion "1.4.8"]
[BlackElo "2664"]
[WhiteElo "2161"]

1. d4 {[%clk 1:30:55]} Nf6 {[%clk 1:30:55]} 2. Bg5 {[%clk 1:31:14]} g6
{[%clk 1:28:13]} 3. Bxf6 {[%clk 1:31:18]} exf6 {[%clk 1:28:39]} 4. e3
{[%clk 1:31:19]} Bg7 {[%clk 1:29:05]} 5. g3 {[%clk 1:31:31]} O-O {[%clk 1:29:21]}
6. Bg2 {[%clk 1:31:44]} f5 {[%clk 1:29:47]} 7. Ne2 {[%clk 1:31:58]} d6
{[%clk 1:30:04]} 8. O-O {[%clk 1:31:31]} Nd7 {[%clk 1:30:31]} 9. c4
{[%clk 1:31:25]} Nf6 {[%clk 1:30:53]} 10. Nbc3 {[%clk 1:29:54]} Re8
{[%clk 1:31:18]} 11. b4 {[%clk 1:26:12]} a6 {[%clk 1:28:55]} 12. Qc2
{[%clk 1:22:36]} Rb8 {[%clk 1:28:34]} 13. Rac1 {[%clk 1:15:43]} Be6
{[%clk 1:25:08]} 14. Nd5 {[%clk 1:12:44]} Ne4 {[%clk 1:18:34]} 15. Ndf4
{[%clk 1:04:59]} Bd7 {[%clk 1:09:20]} 16. h4 {[%clk 0:51:30]} c6 {[%clk 1:09:26]}
17. Rfd1 {[%clk 0:39:37]} h6 {[%clk 1:08:54]} 18. Nc3 {[%clk 0:31:08]} Qe7
{[%clk 1:09:11]} 19. a4 {[%clk 0:29:49]} Rbc8 {[%clk 1:06:37]} 20. Nxe4
{[%clk 0:16:41]} fxe4 {[%clk 1:06:51]} 21. d5 {[%clk 0:16:47]} c5
{[%clk 1:06:14]} 22. bxc5 {[%clk 0:16:15]} Rxc5 {[%clk 1:06:27]} 23. Qb3
{[%clk 0:15:33]} Bg4 {[%clk 1:03:10]} 24. Rd2 {[%clk 0:14:41]} Rec8
{[%clk 1:00:33]} 25. Rdc2 {[%clk 0:13:52]} R8c7 {[%clk 0:59:38]} 26. Bf1
{[%clk 0:12:17]} Be5 {[%clk 0:53:59]} 27. Ne2 {[%clk 0:04:29]} Qf6
{[%clk 0:50:49]} 28. Rd2 {[%clk 0:04:47]} g5 {[%clk 0:48:54]} 29. hxg5
{[%clk 0:04:55]} hxg5 {[%clk 0:49:20]} 30. Rcc2 {[%clk 0:03:47]} Qh6
{[%clk 0:42:35]} 31. Nd4 {[%clk 0:01:27]} Bf3 {[%clk 0:29:26]} 32. Nxf3
{[%clk 0:00:50]} exf3 {[%clk 0:29:51]} 33. Qd3 {[%clk 0:00:59]} f6
{[%clk 0:30:08]} 34. Qf5 {[%clk 0:00:35]} Rh7 {[%clk 0:30:32]} 35. Bh3
{[%clk 0:00:31]} Qxh3 {[%clk 0:30:55]} 36. Qxf3 {[%clk 0:00:55]} g4
{[%clk 0:31:08]} 37. Qg2 {[%clk 0:01:09]} Qxg2+ {[%clk 0:31:31]} 38. Kxg2
{[%clk 0:01:37]} Rhc7 {[%clk 0:31:53]} 39. Rd3 {[%clk 0:00:42]} Rxc4
{[%clk 0:32:16]} 40. Rxc4 {[%clk 0:30:36]} Rxc4 0-1

[Event "World Chess Olympiad 2018"]
[Site "Batumi"]
[Date "2018.09.24"]
[Round "1"]
[Board "3"]
[WhiteFideId "3805662"]
[White "Martinez Alcantara Jose Eduardo"]
[BlackFideId "7400713"]
[Black "Smith Shreyas"]
[Result "1-0"]
[LiveChessVersion "1.4.8"]
[BlackElo "2193"]
[WhiteElo "2565"]

1. e4 {[%clk 1:30:58]} c5 {[%clk 1:30:51]} 2. Nf3 {[%clk 1:31:24]} e6
{[%clk 1:31:15]} 3. d4 {[%clk 1:31:51]} cxd4 {[%clk 1:31:39]} 4. Nxd4
{[%clk 1:32:17]} Nc6 {[%clk 1:32:01]} 5. Nc3 {[%clk 1:32:43]} Qc7
{[%clk 1:32:24]} 6. Be3 {[%clk 1:32:53]} a6 {[%clk 1:32:47]} 7. Qf3
{[%clk 1:31:36]} d6 {[%clk 1:32:47]} 8. O-O-O {[%clk 1:31:30]} Bd7
{[%clk 1:33:08]} 9. Qg3 {[%clk 1:31:09]} b5 {[%clk 1:33:03]} 10. Bxb5
{[%clk 1:25:02]} Nf6 {[%clk 1:23:04]} 11. Bxc6 {[%clk 1:23:14]} Bxc6
{[%clk 1:23:27]} 12. f3 {[%clk 1:22:26]} Bb7 {[%clk 1:23:06]} 13. Kb1
{[%clk 1:19:56]} Rc8 {[%clk 1:21:13]} 14. Nb3 {[%clk 1:11:30]} Be7
{[%clk 1:17:46]} 15. Qxg7 {[%clk 1:04:55]} Rg8 {[%clk 1:18:05]} 16. Qh6
{[%clk 1:05:18]} Rxg2 {[%clk 1:18:14]} 17. Rhg1 {[%clk 1:04:57]} Rxg1
{[%clk 1:18:06]} 18. Rxg1 {[%clk 1:04:39]} d5 {[%clk 1:17:04]} 19. Bg5
{[%clk 1:01:12]} Qb6 {[%clk 0:24:37]} 20. Rd1 {[%clk 0:59:41]} Qd8
{[%clk 0:13:08]} 21. Qg7 {[%clk 0:51:10]} h5 {[%clk 0:07:12]} 22. h4
{[%clk 0:43:45]} Ba8 {[%clk 0:03:24]} 23. Nd4 {[%clk 0:37:55]} Bb7
{[%clk 0:02:29]} 24. e5 {[%clk 0:37:59]} Rxc3 {[%clk 0:01:41]} 25. exf6
{[%clk 0:37:07]} Bf8 {[%clk 0:02:03]} 26. Nxe6 {[%clk 0:37:14]} fxe6
{[%clk 0:01:40]} 27. f7+ {[%clk 0:37:29]} Kd7 {[%clk 0:02:04]} 28. Qxc3
{[%clk 0:37:54]} Be7 {[%clk 0:01:55]} 29. Bxe7 {[%clk 0:37:52]} Qxe7
{[%clk 0:01:43]} 30. Qg7 {[%clk 0:38:16]} 1-0

[Event "World Chess Olympiad 2018"]
[Site "Batumi"]
[Date "2018.09.24"]
[Round "1"]
[Board "4"]
[WhiteFideId "7402074"]
[White "Christie Joshua"]
[BlackFideId "3801969"]
[Black "Cruz Cristhian"]
[Result "0-1"]
[LiveChessVersion "1.4.8"]
[BlackElo "2571"]
[WhiteElo "2198"]

1. d4 {[%clk 1:30:54]} Nf6 {[%clk 1:30:46]} 2. c4 {[%clk 1:31:12]} e6
{[%clk 1:31:12]} 3. Nc3 {[%clk 1:31:24]} Bb4 {[%clk 1:31:36]} 4. e3
{[%clk 1:31:33]} b6 {[%clk 1:31:12]} 5. Bd3 {[%clk 1:30:46]} Bb7 {[%clk 1:30:57]}
6. Nge2 {[%clk 1:30:21]} Bxg2 {[%clk 1:26:30]} 7. Rg1 {[%clk 1:30:40]} Be4
{[%clk 1:24:19]} 8. a3 {[%clk 1:29:09]} Bxd3 {[%clk 1:16:40]} 9. Qxd3
{[%clk 1:29:16]} Bf8 {[%clk 1:13:21]} 10. e4 {[%clk 1:26:58]} d6 {[%clk 1:13:30]}
11. Be3 {[%clk 1:23:04]} Nbd7 {[%clk 1:13:03]} 12. f4 {[%clk 1:19:29]} g6
{[%clk 1:06:45]} 13. O-O-O {[%clk 1:16:10]} Bg7 {[%clk 1:06:39]} 14. e5
{[%clk 1:09:21]} Nh5 {[%clk 1:05:56]} 15. d5 {[%clk 0:59:04]} exd5
{[%clk 1:03:49]} 16. exd6 {[%clk 0:53:48]} cxd6 {[%clk 1:02:54]} 17. Bd4
{[%clk 0:49:40]} O-O {[%clk 0:55:34]} 18. Bxg7 {[%clk 0:45:59]} Nxg7
{[%clk 0:51:53]} 19. Qxd5 {[%clk 0:43:14]} Qh4 {[%clk 0:43:07]} 20. Qxd6
{[%clk 0:31:04]} Nf6 {[%clk 0:32:37]} 21. c5 {[%clk 0:21:42]} bxc5
{[%clk 0:22:25]} 22. Qxc5 {[%clk 0:21:39]} Ne4 {[%clk 0:22:10]} 23. Qe3
{[%clk 0:16:49]} Nxc3 {[%clk 0:22:33]} 24. Nxc3 {[%clk 0:17:10]} Rac8
{[%clk 0:15:01]} 25. Kb1 {[%clk 0:15:26]} Rfe8 {[%clk 0:09:34]} 26. Qg3
{[%clk 0:12:40]} Qf6 {[%clk 0:09:03]} 27. Qg5 {[%clk 0:11:47]} Qf5+
{[%clk 0:07:00]} 28. Ka1 {[%clk 0:07:07]} h6 {[%clk 0:05:21]} 29. Qxf5
{[%clk 0:05:18]} Nxf5 {[%clk 0:05:46]} 30. Rd7 {[%clk 0:04:12]} a6
{[%clk 0:04:28]} 31. Rgd1 {[%clk 0:03:08]} h5 {[%clk 0:04:09]} 32. Ra7
{[%clk 0:02:38]} Rc6 {[%clk 0:03:37]} 33. Rdd7 {[%clk 0:02:27]} Nh6
{[%clk 0:04:03]} 34. Nd5 {[%clk 0:02:03]} Kg7 {[%clk 0:04:22]} 35. Nc7
{[%clk 0:01:11]} Re2 {[%clk 0:01:50]} 36. Rxa6 {[%clk 0:01:13]} Rxa6
{[%clk 0:02:03]} 37. Nxa6 {[%clk 0:01:42]} Rxh2 {[%clk 0:02:05]} 38. b4
{[%clk 0:01:35]} h4 {[%clk 0:02:12]} 39. b5 {[%clk 0:00:52]} Rg2 {[%clk 0:02:07]}
40. Rd1 {[%clk 0:30:34]} h3 {[%clk 0:31:23]} 41. b6 {[%clk 0:25:07]} h2
{[%clk 0:31:25]} 42. b7 {[%clk 0:24:58]} Rg1 {[%clk 0:31:48]} 43. b8=Q
{[%clk 0:24:33]} Rxd1+ {[%clk 0:32:10]} 44. Ka2 {[%clk 0:24:06]} Rd2+
{[%clk 0:31:38]} 45. Kb3 {[%clk 0:24:23]} h1=Q {[%clk 0:31:57]} 46. Qe5+
{[%clk 0:23:57]} Kh7 {[%clk 0:32:11]} 47. Nb4 {[%clk 0:24:10]} Qd1+
{[%clk 0:32:13]} 48. Kc3 {[%clk 0:24:08]} Nf5 {[%clk 0:31:58]} 49. Qe8
{[%clk 0:24:04]} Rd7 {[%clk 0:31:27]} 0-1